Normal view
MARC view
- INTRA-PARTY DEMOCRACY
Entry Topical Term
001 - CONTROL NUMBER
- control field: 4472
003 - CONTROL NUMBER IDENTIFIER
- control field: CBULib
005 - DATE AND TIME OF LATEST TRANSACTION
- control field: 20250423130645.0
008 - FIXED-LENGTH DATA ELEMENTS
- fixed length control field: 250423|| aca||babn | a|a d
040 ## - CATALOGING SOURCE
- Original cataloging agency: CBULib
150 ## - HEADING--TOPICAL TERM
- Topical term or geographic name entry element: INTRA-PARTY DEMOCRACY